Loading...

Vrudhasadanam (m)

Bibliographic Details
Main Author: Kochubava, T V
Format: Printed Book
Published: Kottayam D C Books 1993
Subjects:
LEADER 00418nam a2200157 4500
082 |a 8M3 KOC.TV-V 
100 |a Kochubava, T V 
245 |a Vrudhasadanam (m) 
250
260 |a Kottayam  |b D C Books  |c 1993 
300
490
650 |a Malayalam fiction 
942 |c BK 
999 |c 232258  |d 232258 
952 |0 0  |1 0  |4 0  |6 8M3_KOC_TVV  |7 0  |9 246391  |a SDE  |b SDE  |d 2019-12-12  |l 0  |o 8M3 KOC.TV-V  |p SDE11683  |r 2019-12-12  |w 2019-12-12  |y BK